00322nam a22001097a 4500008004100000020002200041082000800063100003400071245007300105250001600178300001800194230519b |||||||| |||| 00| 0 eng d a978-99936-622-9-7 a577 aThe National Museum of Bhutan aIndigenous facts of Bhutan,bThe proceedings of the Third Colloquium a3rd Edition a156 p.c23 cm